000 00628nam a22001937a 4500
003 OSt
005 20240722084653.0
008 240720b |||||||| |||| 00| 0 eng d
020 _a978-621-406-169-3
040 _aDWC- Main Lib
_cOC
082 _aFil. 126 U55 2018
100 _aJaime Gutierrez-Ang
245 _aUnderstanding the self :
_ba text manual for the 21st Century Filipino student/
_cJaime Gutierrez-Ang
260 _aManila :
_bMindshapers,
_cc2018.
300 _aviii , 176 pages :
_billustrations ;
_c26cm.
504 _aIncludes bibliographical references.
650 _a1. Identity
942 _2ddc
_cBK - FIL
_n1
999 _c2471
_d2471